Premier League teams 1999/2000 - Statistics

General Stats
  • This quiz has been taken 12 times
  • The average score is 16 of 20
Answer Stats
Position Points Team % Correct
2 73 Arsenal
100%
5 65 Chelsea
100%
4 67 Liverpool
100%
1 91 Manchester United
100%
10 53 Tottenham Hotspur
100%
6 58 Aston Villa
92%
3 69 Leeds United
92%
8 55 Leicester City
92%
15 44 Southampton
92%
9 55 West Ham United
92%
13 50 Everton
83%
11 52 Newcastle United
83%
17 36 Bradford City
67%
14 44 Coventry City
67%
16 38 Derby County
67%
12 52 Middlesbrough
67%
19 31 Sheffield Wednesday
67%
20 24 Watford
67%
18 33 Wimbledon
67%
7 58 Sunderland
50%
No matching quizzes found
Score Distribution
Percent of People with Each Score
Percentile by Number Answered
Your Score History
You have not taken this quiz